Filmographie de Virginie Efira - Statistiques

Statistiques générales
  • Ce quiz a été pris 55 fois
    5 depuis la dernière actualisation
  • Le résultat moyen est 15 sur 36
Statistiques - réponses
Hint Réponse % Correct
2013 20 ans d'écart
80%
2015 Une famille à louer
80%
2016 Un homme à la hauteur
80%
2021 Benedetta
60%
2016 Elle
60%
2023 L'Amour et les Forêts
60%
2015 Le goût des merveilles
60%
2018 Le Grand Bain
60%
2021 Madeleine Collins
60%
2022 Revoir Paris
60%
2018 Un amour impossible
60%
2016 Victoria
60%
2015 Caprice
40%
2013 Cookie
40%
2021 En attendant Bojangles
40%
2011 La Chance de ma vie
40%
2010 L'amour c'est mieux à deux
40%
2022 Les Enfants des autres
40%
2010 Le Siffleur
40%
2013 Les invincibles
40%
2020 Police
40%
2023 Rien à perdre
40%
2019 Sibyl
40%
2020 Adieu les cons
20%
2018 Continuer
20%
2013 Dead Man Talking
20%
2022 Don Juan
20%
2013 En solitaire
20%
2016 Et ta soeur
20%
2012 Hénaut Président
20%
2010 Kill Me Please
20%
2025 Les Braises
20%
2021 Lui
20%
2011 Mon pire cauchemar
20%
2017 Pris de court
20%
2025 Vie privée
20%
Aucun quiz correspondant
Distribution des résultats
% des personnes avec chaque résultat
Percentile par nombre de réponses
Votre historique - résultats
Vous n’avez pas pris ce quiz depuis la dernière actualisation